| 000 | 00332nam a2200109Ia 4500 | ||
|---|---|---|---|
| 008 | 200302s9999 xx 000 0 und d | ||
| 100 | _aTrulove James Grayson | ||
| 245 | _aThe New American Cottage -Innovation in small scale Residential Architecture | ||
| 260 | _bWhitney Library of Design, New york | ||
| 260 | _c1999 | ||
| 300 | _a227 P | ||
| 999 |
_c4925 _d4925 |
||